Länder Europas vor dem Zweiten Weltkrieg auf einer Karte - Statistiken

Allgemein
  • Dieses Quiz wurde 12.336 mal gespielt
  • Das Durchschnittsergebnis liegt bei 31 aus 33
Antworten auf der Karte
Die Antworten werden auf der Karte rot bzw. grün angezeigt, abhängig davon wie oft sie richtig erraten wurden.
 
Antwortstatistiken
Land % Korrekt
Deutschland
99%
Finnland
98%
Frankreich
98%
Irland
98%
Italien
98%
Norwegen
98%
Portugal
98%
Schweden
98%
Schweiz
98%
Spanien
98%
Vereinigtes Königreich
98%
Belgien
97%
Dänemark
97%
Griechenland
97%
Luxemburg
97%
Niederlande
97%
Polen
97%
Estland
96%
Island
96%
Lettland
96%
Litauen
96%
Sowjetunion
95%
Liechtenstein
94%
Andorra
93%
Ungarn
93%
Vatikanstadt
93%
Monaco
92%
Rumänien
92%
Bulgarien
91%
San Marino
91%
Jugoslawien
84%
Slowakei
83%
Danzig
53%
Keine übereinstimmenden Quizze gefunden
Verteilung der Resultate
Anzahl Personen mit jedem Resultat
Perzentil nach korrekt beantworteten Fragen
Ihre Resultats-Entwicklung
Sie haben dieses Quiz noch nicht gespielt